000 01103nam a2200301 a 4500
001 000020528
003 DO-SdBNP
005 20171011130843.0
007 000020528
008 100810s1987 dr 000 0 spa d
040 _aBPMSU
_bspa
_cBPMSU
082 4 _a 972.93
_bD812h
100 1 _aHenríquez i Carvajal, Federico
245 1 0 _aDuarte :
_bpróceres, héroes i mártires de la independencia /
_cFederico Henríquez i Carvajal.
260 _aSanto Domingo :
_bBiblioteca Nacional
_c1987
300 _a226 p. ;
_c23 cm.
504 _aIncluye referencias bibliográficas y notas al pie de las páginas
600 _aDUARTE Y DIEZ, JUAN PABLO,
_d1813-1876
651 _aREPÚBLICA DOMINICANA
_xHISTORIA
930 1 _lBND01
_mLF1
_820110216
_f04
_pCT
_g16367
_he. 3
930 1 _lBND01
_mLF1
_820110216
_f04
_pCT
_g16367
_he. 5
930 1 _lBND01
_mLF1
_820110216
_f04
_pCT
_g16367
_he. 4
930 1 _lBND01
_mLF1
_820110216
_f01
_pCT
_g16366
_he. 2
930 1 _lBND01
_mLF1
_820110216
_f01
_pCT
_g16366
942 _2ddc
_cBK
945 _aInventariado, 2017/MFF
956 _aBTAVAREZ
_b10
_c20100810
_lBND01
_h0931
999 _c7184
_d7184